00506 2200181 4500245005500000020002200055250001000077100002600087700001500113700002900128650002100157005001900178260007600197041001400273084001000287300001800297336000900315 aBingkisan untuk DirgacWidjati HartiningtyashText a978-602-437-768-7 aCet.1 aWidjati Hartiningtyas aIndra Bayu aAnita Astriawati Ningrum aCerita Bergambar a20240926122102 aJakartabKementerian Pendidikan, Kebudayaan, Riset, dan Teknologic2019 aIndonesia a741.5 aiv :c18 hlm. atext